Readings in the literature of science (Record no. 122783)
[ view plain ]
| 000 -LEADER | |
|---|---|
| fixed length control field | 00660nam a22001577a 4500 |
| 008 - FIXED-LENGTH DATA ELEMENTS--GENERAL INFORMATION | |
| fixed length control field | 150430b xxu||||| |||| 00| 0 eng d |
| 050 ## - LIBRARY OF CONGRESS CALL NUMBER | |
| Classification number | Q125.D177 |
| 100 ## - MAIN ENTRY--PERSONAL NAME | |
| Personal name | Dampier, William C.D. (ed.) |
| 9 (RLIN) | 17612 |
| 245 ## - TITLE STATEMENT | |
| Title | Readings in the literature of science |
| Remainder of title | being extracts from the writings of men of science to illustrate the development of scientific thought |
| Statement of responsibility, etc | Edited by / William Cecil Dampier and Margaret Dampier |
| 260 ## - PUBLICATION, DISTRIBUTION, ETC. (IMPRINT) | |
| Place of publication, distribution, etc | New York |
| Name of publisher, distributor, etc | Harper and brothers |
| Date of publication, distribution, etc | 1959 |
| 300 ## - PHYSICAL DESCRIPTION | |
| Extent | x,275p. ; |
| Dimensions | 21cm. |
| 650 ## - SUBJECT ADDED ENTRY--TOPICAL TERM | |
| Topical term or geographic name as entry element | Science |
| General subdivision | History |
| 9 (RLIN) | 17613 |
| 700 ## - ADDED ENTRY--PERSONAL NAME | |
| Personal name | Dampier, Margaret (ed.) |
| 9 (RLIN) | 17614 |
| 700 ## - ADDED ENTRY--PERSONAL NAME | |
| Personal name | Anderson, Margaret Dampier |
| 9 (RLIN) | 17936 |
| 942 ## - ADDED ENTRY ELEMENTS (KOHA) | |
| Source of classification or shelving scheme | Library of Congress Classification |
| Item type | Monograph ( Printed materials) |
| Withdrawn status | Lost status | Source of classification or shelving scheme | Damaged status | Not for loan | Collection code | Home library | Current library | Shelving location | Date acquired | Total Checkouts | Full call number | Barcode | Date last seen | Price effective from | Koha item type |
|---|---|---|---|---|---|---|---|---|---|---|---|---|---|---|---|
| Library of Congress Classification | Main Collection | ARRUPE LIBRARY | ARRUPE LIBRARY | Main Collection | 30/04/2015 | Q125.D177 | 46500004461 | 03/07/2019 | 30/04/2015 | Monograph ( Printed materials) |